000 00300 a2200145 4500
001 181606
020 _a
040 _cMagnum
100 _aBraga, Rubem Et. Al
240 1 0 _aO menino e o tuim
_lpor
245 1 0 _aO menino e o tuim
362 0 _a1899
697 _aMAGNITO: IJ/GERAL
942 _cBK
999 _c181606
_d181606